[Event "EU-chT Seniors 12th"]
[Site "Dresden"]
[Date "2010.02.16"]
[Round "7"]
[White "Gabrielsen, Oyvind"]
[Black "Kendall, Paul SN"]
[Result "0-1"]
[WhiteElo "1788"]
[BlackElo "2069"]
[PlyCount "46"]
[EventDate "2010.02.10"]
[EventType "team-swiss"]
[EventRounds "9"]
[EventCountry "GER"]
[SourceTitle "CBM 134 Extra"]
[Source "ChessBase"]
[SourceDate "2010.03.03"]
[SourceVersion "1"]
[SourceVersionDate "2010.03.03"]
[SourceQuality "1"]
[WhiteTeam "Trondergutan (Seniors)"]
[BlackTeam "England (Seniors) II"]
[WhiteTeamCountry "NOR"]
[BlackTeamCountry "ENG"]

1. e4 c5 2. Nf3 g6 3. d4 cxd4 4. Nxd4 Nc6 5. Nc3 Bg7 6. Be3 Nf6 7. Be2 0-0 8. f4 d6 9. Qd2 Bd7 10. h3 a6 11. g4 b5 12. Bf3 b4 13. Nce2 e5 14. Nb3 Re8 15. f5 Nd4 16. Nbxd4 exd4 17. Bg5 Bb5 18. 0-0-0 Qa5 19. Nxd4 Qxa2 20. Qxb4 Nxe4 21. Bxe4 Rxe4 22. f6 Bf8 23. Qb3 Qa1+ 0-1

[Event "EU-chT Seniors 10th"]
[Site "Dresden"]
[Date "2008.02.17"]
[Round "7.2"]
[White "Gabrielsen, Oyvind"]
[Black "White, Alastair F"]
[Result "1/2-1/2"]
[WhiteElo "1754"]
[BlackElo "2045"]
[PlyCount "80"]
[EventDate "2008.02.11"]
[EventType "team-swiss"]
[EventRounds "9"]
[EventCountry "GER"]
[SourceTitle "CBM 122 Extra"]
[Source "ChessBase"]
[SourceDate "2008.03.04"]
[SourceVersion "1"]
[SourceVersionDate "2008.03.04"]
[SourceQuality "1"]
[WhiteTeam "Norway V"]
[BlackTeam "Scotland"]
[WhiteTeamCountry "NOR"]
[BlackTeamCountry "SCO"]

1. e4 e5 2. f4 Bc5 3. Nf3 d6 4. Bc4 Nf6 5. d3 Nc6 6. Qe2 0-0 7. Be3 Bxe3 8. Qxe3 exf4 9. Qxf4 d5 10. exd5 Re8+ 11. Kd2 Nb4 12. Nc3 Nbxd5 13. Nxd5 Nxd5 14. Bxd5 Qxd5 15. Rhe1 Be6 16. Re5 Qd6 17. Qe3 Qb4+ 18. Kc1 Bd7 19. c3 Qd6 20. Kd2 f6 21. Rxe8+ Rxe8 22. Qd4 Qxd4 23. Nxd4 c5 24. Nc2 Bc6 25. g3 Kf7 26. Re1 Rxe1 27. Nxe1 Ke6 28. Nc2 Bd5 29. a3 Ke5 30. Ke3 Kf5 31. Kf2 Bb3 32. Ne3+ Ke5 33. Ng4+ Ke6 34. Ke3 f5 35. Nf2 g5 36. d4 c4 37. Nh3 h6 38. Ng1 Bd1 39. h4 Bg4 40. Nf3 Bxf3 1/2-1/2

[Event "NOR-ch Senior A"]
[Site "Hamar"]
[Date "2007.07.10"]
[Round "5"]
[White "Bue, Gunnar"]
[Black "Gabrielsen, Oyvind"]
[Result "0-1"]
[WhiteElo "1813"]
[BlackElo "1754"]
[PlyCount "100"]
[EventDate "2007.07.07"]
[EventType "swiss"]
[EventRounds "9"]
[EventCountry "NOR"]
[SourceTitle "EXT 2024"]
[Source "ChessBase"]
[SourceDate "2023.10.10"]
[SourceVersion "1"]
[SourceVersionDate "2023.10.10"]
[SourceQuality "1"]

1. d4 f5 2. c4 Nf6 3. Nf3 e6 4. e3 Be7 5. Bd3 0-0 6. 0-0 d5 7. Nc3 c6 8. b3 Ne4 9. Bb2 Nd7 10. Ne2 Bd6 11. Ne5 Qf6 12. f4 Be7 13. Bxe4 fxe4 14. Ng4 Qg6 15. Ng3 Bh4 16. Ba3 Rf7 17. Nh5 Qxh5 18. g3 Be7 19. Bb2 Qg6 20. Qe2 h5 21. Ne5 Nxe5 22. dxe5 Bd7 23. Qg2 Raf8 24. h3 Qh6 25. h4 Rd8 26. Rf2 Be8 27. cxd5 cxd5 28. Rc1 Bc6 29. Bd4 a6 30. a4 Rc8 31. Qf1 Qg6 32. Rg2 Qg4 33. Kh2 Bd8 34. Rgc2 Ba5 35. Bc3 Bxc3 36. Rxc3 Qg6 37. b4 Rfc7 38. Qe1 Qf7 39. b5 axb5 40. axb5 Bxb5 41. Rxc7 Rxc7 42. Rb1 Rc2+ 43. Kg1 Ba6 44. Qd1 Bd3 45. Ra1 b5 46. Ra8+ Kh7 47. g4 Qc7 48. Ra1 Be2 49. Qb1 hxg4 50. h5 Qc3 0-1